Theory of dislocations (Record no. 6605)

000 -LEADER
fixed length control field 00599nam a2200217 a 4500
001 - CONTROL NUMBER
control field 6605
003 - CONTROL NUMBER IDENTIFIER
control field BD-DhUET
008 - FIXED-LENGTH DATA ELEMENTS--GENERAL INFORMATION
fixed length control field 810928s1982 nyua b 001 0 eng
020 ## - INTERNATIONAL STANDARD BOOK NUMBER
International Standard Book Number 0471091251
040 ## - CATALOGING SOURCE
Original cataloging agency DLC
Transcribing agency DLC
Modifying agency BD-DhUET
082 00 - DEWEY DECIMAL CLASSIFICATION NUMBER
Classification number 548.48
Item number HIR/1982
100 ## - MAIN ENTRY--PERSONAL NAME
Personal name Hirth, John Price
245 10 - TITLE STATEMENT
Title Theory of dislocations
Statement of responsibility, etc. by John Price Hirth and Jens Lothe
250 ## - EDITION STATEMENT
Edition statement 2nd ed.
260 ## - PUBLICATION, DISTRIBUTION, ETC. (IMPRINT)
Place of publication, distribution, etc. New York
Name of publisher, distributor, etc. John Wiley and Sons
Date of publication, distribution, etc. 1982
300 ## - PHYSICAL DESCRIPTION
Extent xii, 857 p.
Other physical details ill.
Dimensions 25 cm.
504 ## - BIBLIOGRAPHY, ETC. NOTE
Bibliography, etc Includes bibliographics
650 #0 - SUBJECT ADDED ENTRY--TOPICAL TERM
Topical term or geographic name as entry element Dislocations in crystals
700 ## - ADDED ENTRY--PERSONAL NAME
Personal name Lothe, Jens
942 ## - ADDED ENTRY ELEMENTS (KOHA)
Koha item type General Book
Holdings
Koha item type Koha normalized classification for sorting Date acquired Not for loan Piece designation (barcode) Koha full call number Location (home branch) Shelving location Withdrawn status Damaged status Sublocation or collection (holding branch) Koha date last seen Price effective from Koha date last borrowed Lost status Source of classification or shelving scheme Koha issues (times borrowed) Copy number
General Book548_480000000000000_HIR_19822014-12-04 56778548.48/ HIR/1982Central Library, BUETCirculation section  Central Library, BUET2023-10-162014-12-042023-09-17  24
General Book548_480000000000000_HIR2014-12-04 57922548.48/ HIRCentral Library, BUETCirculation section  Central Library, BUET2014-12-042014-12-04    3
General Book548_480000000000000_HIR_19822014-12-04 57757548.48/ HIR/1982Central Library, BUETCirculation section  Central Library, BUET2014-12-042014-12-04    2
General Book548_480000000000000_HIR19822014-12-04 57756548.48/ HIR1982Central Library, BUETCirculation section  Central Library, BUET2014-12-042014-12-04    1